00653nam a2200169 a 450000100100000000500170001000800410002702000180006804000250008610000380011124500960014926000380024530000480028350400300033195201050036199900170046600004389120201002045030.0140508s2011 sp abcf 000 0 spa d a9788489895249 aDO-SdBNPbspacBNPHU1 aAmores Carredano, Fernando97178610aDe la Tierra al Sol :bhistoria de los paisajes del Guadiamar /cFernando Amores Carredano. aSevilla, :bFpcus Abengoa,c2011. a293 p. :bil., mapa, retrs., lam. ;c31 cm. aBibliografía p: 286-293 001050718MOaGRbGRcCTd2014-05-08iLF1l0o p43891-10r2020-06-25w2020-06-25y1ZNo se presta c43380d43380